000 00802nmm a2200265 a 4500
001 ocm000906623
003 TR-IsHL
005 20201028145035.0
008 141121s2014 tu tur
007 cr cn
020 _a9786054812417
035 _a906623
_b(N$T)
050 0 4 _aBP166
_b.K63 2014
090 0 4 _aBP166
_b.K63 2014
100 1 _aKoca, Salih
245 1 0 _aAyıkla bilincin taşını
_h[electronic resource] /
_cSalih Koca
260 _aİstanbul :
_bAZ Kitap,
_c2014
300 _a177 p.
650 4 _aFelsefe, Psikoloji ve Din
650 4 _aPhilosophy, Psychology and Religion
650 0 _aİslam
650 0 _aIslam
650 7 _aRELIGION / Islam / General
_2bisacsh
856 4 0 _uhttp://search.ebscohost.com/login.aspx?direct=true&scope=site&db=e011xww&AN=906623
999 _c9749
_d9749